Sledovanie nákladov na kvalitu záverečná správa : doba riešenia 1997 - 1999
Gespeichert in:
| 1. Verfasser: | |
|---|---|
| Weitere Verfasser: | , , |
| Format: | Buch |
| Sprache: | Slowakisch |
| Veröffentlicht: |
Bratislava
1999
|
| Schlagworte: | |
| Tags: |
Keine Tags, Fügen Sie das erste Tag hinzu!
|
MARC
| LEADER | 00000nam a2200000 4500 | ||
|---|---|---|---|
| 001 | 0146676 | ||
| 005 | 20241003120245.0 | ||
| 041 | 0 | |a slo | |
| 044 | |a SK | ||
| 245 | 1 | 0 | |a Sledovanie nákladov na kvalitu |b záverečná správa : doba riešenia 1997 - 1999 |c Vojtech Kollár a kolektív |
| 264 | 1 | |a Bratislava |c 1999 | |
| 300 | |a 59 s. | ||
| 610 | 2 | 0 | |a systémy kvality |
| 610 | 2 | 0 | |a riadenie kvality |
| 610 | 2 | 0 | |a náklady na kvalitu |
| 100 | 1 | |a Kollár, Vojtech | |
| 700 | 1 | |a Roman, Emil | |
| 700 | 1 | |a Košútová, Tatiana, 1962- | |
| 700 | 1 | |a Kristová, Ľudmila | |